10 największych miast w Czechach - Statystyki

Ogólne statystyki
  • Ten quiz został rozwiązany 499 razy
  • Średni wynik to 5 z 10
Statystyki odpowiedzi
Liczba ludności % ludności Miasto % Poprawnych
1 268 796 12% Praga
100%
385 913 3,6% Brno
84%
296 224 2,8% Ostrawa
80%
170 322 1,6% Pilzno
66%
102 754 1,0% Liberec
56%
101 003 0,9% Ołomuniec
52%
94 314 0,9% Hradec Králové
35%
93 715 0,9% Czeskie Budziejowice
33%
90 767 0,8% Pardubice
28%
93 000 0,9% Uście nad Łabą
10%
Nie znaleziono quizów pasujących do podanych kryteriów
Rozkład punktacji
Procent ludzi z każdym wynikiem
Percentyl według liczby udzielonych odpowiedzi
Twoja historia wyników
Nie rozwiązałeś tego quizu